|
|
|
|
| LEADER |
00000nas a2200000 4500 |
| 001 |
ssj0000740144 |
| 003 |
WaSeSS |
| 005 |
20200512172242.0 |
| 006 |
m d |
| 007 |
cr n |
| 008 |
800314d19752000enkqr p s 0 a0eng |
| 010 |
|
|
|a sn 80013643
|
| 016 |
7 |
|
|a 8000474
|2 DNLM
|
| 016 |
7 |
|
|a B34710000
|2 DNLM
|
| 022 |
|
|
|l 0144-8625
|y 0144-8625
|
| 030 |
|
|
|a BJFPDD
|
| 035 |
|
|
|a (WaSeSS)ssj0000740144
|
| 037 |
|
|
|b Faculty of Family Planning and Reproductive Health Care, 27 Sussex Pl., Regent's Park, London NW1 4RG, England
|
| 040 |
|
|
|a NLM
|b eng
|c NLM
|d NSD
|d RCS
|d AIP
|d NSD
|d NST
|d NLM
|d OCL
|d NLM
|d OCLCQ
|d AU@
|d OCLCQ
|d OCLCO
|d OCLCF
|d OCLCO
|d EUW
|d OCLCO
|d OCLCQ
|d OCLCO
|d OCLCQ
|d OCLCO
|d WaSeSS
|
| 042 |
|
|
|a nsdp
|a pcc
|
| 060 |
0 |
0 |
|a W1
|b BR531
|
| 210 |
0 |
|
|a Br. j. fam. plann.
|
| 222 |
|
4 |
|a The British journal of family planning
|
| 245 |
0 |
4 |
|a The British journal of family planning
|h [electronic resource].
|
| 260 |
|
|
|a London,
|b National Assn. of Family Planning Doctors.
|
| 362 |
1 |
|
|a Ceased with v. 26, no. 4 for Oct. 2000.
|
| 500 |
|
|
|a Journal of the National Association of Family Planning Doctors.
|
| 506 |
|
|
|a License restrictions may limit access.
|
| 650 |
|
0 |
|a Birth control
|v Periodicals.
|
| 650 |
|
2 |
|a Family Planning Services.
|
| 650 |
|
7 |
|a Birth control.
|2 fast
|0 (OCoLC)fst00833148
|
| 655 |
|
0 |
|a Electronic journals.
|
| 710 |
2 |
|
|a National Association of Family Planning Doctors (Great Britain)
|
| 780 |
0 |
0 |
|t Journal of family planning doctors
|
| 785 |
0 |
0 |
|t Journal of family planning and reproductive health care
|x 1471-1893
|w (DLC) 2001243048
|w (OCoLC)46362612
|
| 850 |
|
|
|a NjP
|
| 856 |
4 |
0 |
|z Full text available from Research Library: 04/01/2000 to 10/31/2000
|u https://search.proquest.com/publication/2041028
|